000 00547cam a2200181 04500
001 45912
090 _a45912
100 _a19961127d1941 km y0pory5003 ba
101 0 _apor
102 _aPT
200 1 _aAventuras do grande capitão do mar em terras do desconhecido
_fVirginia de Castro e Almeida
210 _aLisboa
_cEdições S. P. N.,
_d1941
215 _a13, [1] p.
_d25 cm
225 2 _aPátria
_v28
675 _a869.0-311.6 Almeida 7 Aventuras
_vdes
_zpor
700 1 _aAlmeida,
_bVirgínia de Castro e,
_f1874-1945
801 0 _aPT
_bBN
_gRPC
990 _cLIVROS